[Event "Creon op 16th"]
[Site "Creon"]
[Date "2011.08.03"]
[Round "4"]
[White "Jaureguiberry, Cedric"]
[Black "Le Corre, Benjamin"]
[Result "0-1"]
[WhiteElo "2132"]
[BlackElo "2341"]
[PlyCount "66"]
[EventDate "2011.08.01"]
[EventType "swiss"]
[EventRounds "9"]
[EventCountry "FRA"]
[SourceTitle "CBM 143 Extra"]
[Source "ChessBase"]
[SourceDate "2011.08.29"]
[SourceVersion "1"]
[SourceVersionDate "2011.08.29"]
[SourceQuality "1"]

1. e4 c5 2. Nf3 Nc6 3. d4 cxd4 4. Nxd4 Nf6 5. Nc3 e5 6. Ndb5 d6 7. Bg5 a6 8. Na3 b5 9. Bxf6 gxf6 10. Nd5 f5 11. Bd3 Be6 12. Qh5 Rg8 13. c3 Rxg2 14. Qf3 Rg4 15. h3 Rh4 16. exf5 Bxd5 17. Qxd5 Ne7 18. Qb7 Qc8 19. Qg2 Ra7 20. 0-0-0 b4 21. Bb5+ axb5 22. Nxb5 Ra6 23. Rxd6 Rh6 24. Rhd1 bxc3 25. bxc3 Rhxd6 26. Nxd6+ Rxd6 27. Rxd6 Qxc3+ 28. Kd1 Qa1+ 29. Ke2 Qxa2+ 30. Rd2 Qc4+ 31. Kd1 Nc6 32. Rc2 Qd3+ 33. Kc1 Ba3+ 0-1

[Event "Creon"]
[Site "Creon"]
[Date "2010.08.01"]
[Round "9"]
[White "Jaureguiberry, Cedric"]
[Black "Inkiov, Ventzislav"]
[Result "0-1"]
[WhiteElo "2150"]
[BlackElo "2474"]
[PlyCount "103"]
[EventDate "2010.07.26"]
[EventType "tourn"]
[EventRounds "9"]
[EventCountry "FRA"]
[EventCategory "5"]
[SourceTitle "CBM 137 Extra"]
[Source "ChessBase"]
[SourceDate "2010.09.01"]
[SourceVersion "1"]
[SourceVersionDate "2010.09.01"]
[SourceQuality "1"]

1. e4 c5 2. Nf3 d6 3. d4 cxd4 4. Nxd4 Nf6 5. Nc3 Nc6 6. Be2 g6 7. Be3 Bg7 8. Nb3 0-0 9. 0-0 Be6 10. f4 Qc8 11. Kh1 Rd8 12. Bf3 d5 13. Nxd5 Bxd5 14. exd5 Nb4 15. c3 Nfxd5 16. Bxd5 Nxd5 17. Qf3 a5 18. Rad1 e6 19. Nc5 a4 20. a3 Ra5 21. Ne4 Nxe3 22. Qxe3 Rad5 23. Rxd5 Rxd5 24. h3 Qc4 25. Rf2 h6 26. Nd2 Qc7 27. Nf3 Rd1+ 28. Kh2 Bf8 29. Re2 g5 30. g3 Bd6 31. Qe4 gxf4 32. Qxa4 fxg3+ 33. Kg2 Rd5 34. Re4 h5 35. Nd4 Qd8 36. Re2 Re5 37. Qd1 Qb6 38. Rxe5 Bxe5 39. b4 h4 40. Qg4+ Bg7 41. Qxh4 e5 42. Qxg3 exd4 43. cxd4 Qxd4 44. Qb8+ Bf8 45. Qxb7 Qb2+ 46. Kf1 Qxa3 47. Qg2+ Kh8 48. Qg4 Qxb4 49. Qh5+ Kg8 50. Qg5+ Bg7 51. Qd8+ Qf8 52. Qg5 0-1

[Event "Creon"]
[Site "Creon"]
[Date "2010.07.30"]
[Round "7"]
[White "Jaureguiberry, Cedric"]
[Black "Martin Alvarez, Inigo"]
[Result "1/2-1/2"]
[WhiteElo "2150"]
[BlackElo "2321"]
[PlyCount "49"]
[EventDate "2010.07.26"]
[EventType "tourn"]
[EventRounds "9"]
[EventCountry "FRA"]
[EventCategory "5"]
[SourceTitle "CBM 137 Extra"]
[Source "ChessBase"]
[SourceDate "2010.09.01"]
[SourceVersion "1"]
[SourceVersionDate "2010.09.01"]
[SourceQuality "1"]

1. e4 g6 2. d4 Bg7 3. Nc3 d6 4. g3 Nd7 5. Bg2 a6 6. Nge2 e6 7. 0-0 Ne7 8. Be3 b6 9. Qd2 h6 10. a4 Bb7 11. Rad1 Kf8 12. f4 Kg8 13. g4 h5 14. f5 hxg4 15. fxe6 fxe6 16. Bg5 Qe8 17. Qf4 e5 18. Qxg4 Nc6 19. Nd5 Rc8 20. c3 a5 21. Ne7+ Nxe7 22. Qe6+ Kh7 23. Qh3+ Kg8 24. Qe6+ Kh7 25. Qh3+ 1/2-1/2

[Event "Creon"]
[Site "Creon"]
[Date "2010.07.29"]
[Round "6"]
[White "Sanduleac, Vasile"]
[Black "Jaureguiberry, Cedric"]
[Result "1-0"]
[WhiteElo "2451"]
[BlackElo "2150"]
[PlyCount "59"]
[EventDate "2010.07.26"]
[EventType "tourn"]
[EventRounds "9"]
[EventCountry "FRA"]
[EventCategory "5"]
[SourceTitle "CBM 137 Extra"]
[Source "ChessBase"]
[SourceDate "2010.09.01"]
[SourceVersion "1"]
[SourceVersionDate "2010.09.01"]
[SourceQuality "1"]

1. e4 d6 2. d4 Nf6 3. Nc3 g6 4. g3 Bg7 5. Bg2 0-0 6. Nge2 e5 7. 0-0 a6 8. h3 Nc6 9. d5 Ne7 10. Bg5 Nd7 11. Qd2 Qe8 12. Rae1 f6 13. Be3 f5 14. f4 fxe4 15. Nxe4 Nf5 16. Bf2 Nf6 17. Nxf6+ Bxf6 18. Nc3 Bd7 19. fxe5 dxe5 20. d6 Nxd6 21. Nd5 Bd8 22. b3 Bc6 23. c4 Kg7 24. Rxe5 Qd7 25. Ree1 Bxd5 26. Qxd5 Rf5 27. Qd3 Qf7 28. g4 Rf4 29. Bd4+ Kf8 30. Rxf4 1-0

[Event "Creon"]
[Site "Creon"]
[Date "2010.07.28"]
[Round "4"]
[White "Jolly, Jean Francois"]
[Black "Jaureguiberry, Cedric"]
[Result "0-1"]
[WhiteElo "2411"]
[BlackElo "2150"]
[PlyCount "52"]
[EventDate "2010.07.26"]
[EventType "tourn"]
[EventRounds "9"]
[EventCountry "FRA"]
[EventCategory "5"]
[SourceTitle "CBM 137 Extra"]
[Source "ChessBase"]
[SourceDate "2010.09.01"]
[SourceVersion "1"]
[SourceVersionDate "2010.09.01"]
[SourceQuality "1"]

1. d4 Nf6 2. c4 g6 3. Nc3 Bg7 4. e4 d6 5. Nf3 0-0 6. Be2 e5 7. 0-0 Nc6 8. d5 Ne7 9. b4 a5 10. Ba3 Nh5 11. Re1 Nf4 12. Bf1 f5 13. Nd2 fxe4 14. Ndxe4 Nf5 15. c5 Rf7 16. cxd6 cxd6 17. Nb5 Bf8 18. bxa5 Rxa5 19. Bb4 Rxb5 20. Bxb5 Nd4 21. Bc4 Nxg2 22. Kxg2 Qh4 23. Qd3 Rf3 24. Re3 Bg4 25. Kf1 Qxh2 26. Ke1 Rxe3+ 0-1

[Event "Creon"]
[Site "Creon"]
[Date "2010.07.27"]
[Round "2"]
[White "Jaureguiberry, Cedric"]
[Black "Song, Julien"]
[Result "0-1"]
[WhiteElo "2150"]
[BlackElo "2347"]
[PlyCount "34"]
[EventDate "2010.07.26"]
[EventType "tourn"]
[EventRounds "9"]
[EventCountry "FRA"]
[EventCategory "5"]
[SourceTitle "CBM 137 Extra"]
[Source "ChessBase"]
[SourceDate "2010.09.01"]
[SourceVersion "1"]
[SourceVersionDate "2010.09.01"]
[SourceQuality "1"]

1. e4 e6 2. d4 d5 3. Nc3 Nf6 4. e5 Nfd7 5. f4 c5 6. Nf3 Be7 7. Be3 0-0 8. Qd2 f6 9. 0-0-0 c4 10. f5 Nb6 11. fxe6 Bxe6 12. Be2 Nc6 13. Kb1 Bb4 14. exf6 Na4 15. fxg7 Re8 16. Ka1 Qa5 17. Nxd5 Bxd5 0-1

[Event "Creon"]
[Site "Creon"]
[Date "2010.07.26"]
[Round "1"]
[White "Lagarde, Maxime"]
[Black "Jaureguiberry, Cedric"]
[Result "1-0"]
[WhiteElo "2414"]
[BlackElo "2150"]
[PlyCount "103"]
[EventDate "2010.07.26"]
[EventType "tourn"]
[EventRounds "9"]
[EventCountry "FRA"]
[EventCategory "5"]
[SourceTitle "CBM 137 Extra"]
[Source "ChessBase"]
[SourceDate "2010.09.01"]
[SourceVersion "1"]
[SourceVersionDate "2010.09.01"]
[SourceQuality "1"]

1. e4 d6 2. d4 Nf6 3. Nc3 g6 4. f4 Bg7 5. Nf3 0-0 6. Be3 b6 7. Qd2 Bb7 8. e5 Ng4 9. 0-0-0 dxe5 10. fxe5 c5 11. d5 Nxe5 12. Nxe5 Bxe5 13. h4 Nd7 14. h5 Nf6 15. Bc4 b5 16. Nxb5 Qb6 17. Rh4 a6 18. Nc3 Rab8 19. Bb3 Qd6 20. Rdh1 c4 21. Rxc4 Bxc3 22. Rxc3 Ne4 23. Qd4 Nxc3 24. bxc3 g5 25. Bxg5 f6 26. Bf4 e5 27. dxe6 Qxd4 28. e7+ Qd5 29. exf8Q+ Rxf8 30. Bxd5+ Bxd5 31. a3 Kf7 32. Rd1 Ke6 33. g3 Rc8 34. Rd3 Rc6 35. Kd2 Rc4 36. Rd4 Rc6 37. Kd3 Bg2 38. c4 Bf1+ 39. Kc3 Ke7 40. Kb4 Ke6 41. a4 Rb6+ 42. Kc5 Rb2 43. c3 Rc2 44. Kb4 Rb2+ 45. Ka5 Rb3 46. Kxa6 Rxc3 47. Kb5 Rb3+ 48. Kc5 Ra3 49. Kb4 Ra2 50. h6 Rb2+ 51. Kc3 Ra2 52. c5 1-0

[Event "Creon op 13th"]
[Site "Creon"]
[Date "2008.07.29"]
[Round "2"]
[White "Jaureguiberry, Cedric"]
[Black "Babaev, Rashad"]
[Result "0-1"]
[WhiteElo "2169"]
[BlackElo "2484"]
[PlyCount "63"]
[EventDate "2008.07.28"]
[EventType "swiss"]
[EventRounds "9"]
[EventCountry "FRA"]
[SourceTitle "CBM 125 Extra"]
[Source "ChessBase"]
[SourceDate "2008.09.01"]
[SourceVersion "1"]
[SourceVersionDate "2008.09.01"]
[SourceQuality "1"]

1. g3 Nf6 2. Bg2 d5 3. Nf3 g6 4. 0-0 Bg7 5. d3 0-0 6. Nc3 d4 7. Na4 Nd5 8. Rb1 Na6 9. Bd2 b5 10. c4 dxc3 11. Nxc3 Rb8 12. Qc1 c5 13. Bh6 Nxc3 14. bxc3 Rb6 15. Bxg7 Kxg7 16. c4 b4 17. a3 Bb7 18. axb4 cxb4 19. Rd1 Qc7 20. d4 Be4 21. Rb3 Qb7 22. Nh4 Bxg2 23. Nxg2 Rc8 24. Nf4 Rd6 25. c5 e5 26. Qa1 Rdd8 27. Nd3 Rxd4 28. Rdb1 Nxc5 29. Rxb4 Rxb4 30. Rxb4 Qe7 31. Nxe5 f6 32. Nd3 0-1

[Event "FRA-chT2 South 0708"]
[Site "France"]
[Date "2008.01.20"]
[Round "6.4"]
[White "Blanc, Sebastien"]
[Black "Jaureguiberry, Cedric"]
[Result "0-1"]
[WhiteElo "2134"]
[BlackElo "2150"]
[PlyCount "50"]
[EventDate "2007.10.21"]
[EventType "team"]
[EventRounds "11"]
[EventCountry "FRA"]
[SourceTitle "EXT 2009"]
[Source "ChessBase"]
[SourceDate "2008.11.26"]
[SourceVersion "1"]
[SourceVersionDate "2008.11.26"]
[SourceQuality "1"]
[WhiteTeam "Chamalieres"]
[BlackTeam "Bordeaux ASPOM"]
[WhiteTeamCountry "FRA"]
[BlackTeamCountry "FRA"]

1. d4 Nf6 2. c4 g6 3. Nc3 Bg7 4. e4 d6 5. Bd3 0-0 6. Nge2 Nc6 7. 0-0 e5 8. d5 Ne7 9. f3 Ne8 10. Bg5 f6 11. Be3 f5 12. b4 f4 13. Bf2 g5 14. c5 g4 15. Kh1 Rf6 16. Ng1 g3 17. hxg3 Rh6+ 18. Nh3 Bxh3 19. gxh3 fxg3 20. Bxg3 Qd7 21. Kg2 Qxh3+ 22. Kf2 Nf6 23. Rh1 Ng4+ 24. fxg4 Rf8+ 25. Ke2 Qg2+ 0-1

[Event "FRA-chT2 South 0708"]
[Site "France"]
[Date "2007.12.16"]
[Round "4.3"]
[White "Laclau, Daniel"]
[Black "Jaureguiberry, Cedric"]
[Result "0-1"]
[WhiteElo "2261"]
[BlackElo "2149"]
[PlyCount "70"]
[EventDate "2007.10.21"]
[EventType "team"]
[EventRounds "11"]
[EventCountry "FRA"]
[SourceTitle "EXT 2009"]
[Source "ChessBase"]
[SourceDate "2008.11.26"]
[SourceVersion "1"]
[SourceVersionDate "2008.11.26"]
[SourceQuality "1"]
[WhiteTeam "Saint Affrique"]
[BlackTeam "Bordeaux ASPOM"]
[WhiteTeamCountry "FRA"]
[BlackTeamCountry "FRA"]

1. d4 Nf6 2. Nf3 g6 3. c4 Bg7 4. Nc3 0-0 5. e4 d6 6. Be2 e5 7. 0-0 Nc6 8. d5 Ne7 9. Ne1 Nd7 10. Nd3 f5 11. Bd2 Nf6 12. f3 f4 13. c5 g5 14. cxd6 cxd6 15. Nf2 Ng6 16. Qc2 Rf7 17. Rfc1 h5 18. h3 g4 19. hxg4 hxg4 20. fxg4 Bf8 21. Nb5 Ne8 22. a4 Nh4 23. Ra3 a6 24. Rc3 Bd7 25. Na3 Rg7 26. Rh3 Rc8 27. Qd1 Rxc1 28. Bxc1 Be7 29. Bd2 Ng6 30. Nc4 Bh4 31. Ba5 Bxf2+ 32. Kxf2 Qc8 33. Rc3 Qc5+ 34. Kf1 Rh7 35. Rh3 f3 0-1

[Event "FRA-chT2 South 0708"]
[Site "France"]
[Date "2007.11.24"]
[Round "2.3"]
[White "Roussiere, Christophe"]
[Black "Jaureguiberry, Cedric"]
[Result "0-1"]
[WhiteElo "2108"]
[BlackElo "2149"]
[PlyCount "68"]
[EventDate "2007.10.21"]
[EventType "team"]
[EventRounds "11"]
[EventCountry "FRA"]
[SourceTitle "EXT 2009"]
[Source "ChessBase"]
[SourceDate "2008.11.26"]
[SourceVersion "1"]
[SourceVersionDate "2008.11.26"]
[SourceQuality "1"]
[WhiteTeam "Monaco"]
[BlackTeam "Bordeaux ASPOM"]
[WhiteTeamCountry "FRA"]
[BlackTeamCountry "FRA"]

1. e4 d6 2. d4 Nf6 3. Nc3 g6 4. Nf3 Bg7 5. Be2 0-0 6. 0-0 c6 7. a4 Nbd7 8. a5 e5 9. Re1 exd4 10. Nxd4 Re8 11. Bf1 Nc5 12. f3 Nh5 13. Be3 Ne6 14. Qd2 d5 15. Nxe6 Bxe6 16. exd5 cxd5 17. Nb5 Bxb2 18. Rab1 Be5 19. g4 Ng7 20. Bxa7 Rxa7 21. Nxa7 Bc7 22. Ra1 Qf6 23. Nb5 Be5 24. c3 Bd7 25. Nd4 Ne6 26. Rad1 Nxd4 27. cxd4 Bxd4+ 28. Kg2 Rxe1 29. Qxe1 Bc3 30. Qf2 Bxa5 31. Rxd5 Bb6 32. Qe2 Bc6 33. Rd2 Qf4 34. Qd3 Qxg4+ 0-1

[Event "Creon op 12th"]
[Site "Creon"]
[Date "2007.08.04"]
[Round "8"]
[White "Jaureguiberry, Cedric"]
[Black "Lanxade, Michel"]
[Result "1-0"]
[WhiteElo "2159"]
[BlackElo "1865"]
[PlyCount "67"]
[EventDate "2007.07.30"]
[EventType "swiss"]
[EventRounds "9"]
[EventCountry "FRA"]
[SourceTitle "CBM 119 Extra"]
[Source "ChessBase"]
[SourceDate "2007.09.04"]
[SourceVersion "1"]
[SourceVersionDate "2007.09.04"]
[SourceQuality "1"]

1. e4 c5 2. Nc3 d6 3. f4 Nc6 4. Nf3 Bg4 5. Bb5 a6 6. Bxc6+ bxc6 7. h3 Bxf3 8. Qxf3 g6 9. 0-0 Bg7 10. f5 Bd4+ 11. Kh1 g5 12. d3 Bxc3 13. bxc3 f6 14. Qh5+ Kd7 15. d4 cxd4 16. cxd4 Qe8 17. Qe2 h5 18. e5 g4 19. e6+ Kc7 20. h4 Nh6 21. g3 c5 22. dxc5 Qc6+ 23. Kh2 Qxc5 24. Be3 Qb5 25. Qf2 Kd8 26. Rab1 Qd5 27. c4 Qe4 28. c5 dxc5 29. Bxh6 Ke8 30. Qf4 Qc2+ 31. Kg1 Rd8 32. Rb8 Qd3 33. Rxd8+ Qxd8 34. Qa4+ 1-0

[Event "FRA-chT2 West 0607"]
[Site "France"]
[Date "2007.03.31"]
[Round "10.6"]
[White "Jaureguiberry, Cedric"]
[Black "Glod, Philippe"]
[Result "0-1"]
[WhiteElo "2177"]
[BlackElo "2169"]
[PlyCount "80"]
[EventDate "2006.10.15"]
[EventType "team"]
[EventRounds "11"]
[EventCountry "FRA"]
[SourceTitle "EXT 2008"]
[Source "ChessBase"]
[SourceDate "2007.11.25"]
[SourceVersion "1"]
[SourceVersionDate "2007.11.25"]
[SourceQuality "1"]
[WhiteTeam "Bordeaux ASPOM"]
[BlackTeam "Le Vesinet"]
[WhiteTeamCountry "FRA"]
[BlackTeamCountry "FRA"]

1. e4 e5 2. Nf3 Nc6 3. d4 exd4 4. Nxd4 Bc5 5. Be3 Qf6 6. c3 Nge7 7. Bc4 Ne5 8. Be2 Qg6 9. 0-0 d6 10. Bh5 Qxe4 11. Nd2 Qd3 12. Be2 Qg6 13. Bh5 Qd3 14. N2f3 Qxd1 15. Raxd1 0-0 16. Nb5 Bxe3 17. Nxc7 Rb8 18. Nxe5 Bb6 19. Bxf7+ Kh8 20. Ne6 Bxe6 21. Bxe6 dxe5 22. Rd7 Ng6 23. g3 e4 24. Kg2 Ne5 25. Re7 Rbe8 26. Rxe8 Rxe8 27. Bd5 Nc6 28. Re1 e3 29. fxe3 Rxe3 30. Rf1 Re8 31. Rf7 Nd8 32. Rd7 Re2+ 33. Kf3 Rxb2 34. Re7 Rf2+ 35. Kg4 Rf8 36. h4 Nc6 37. Rxb7 Ne5+ 38. Kh3 h5 39. Re7 Ng4 40. Bh1 g6 0-1

[Event "FRA-chT2 West 0607"]
[Site "France"]
[Date "2007.03.18"]
[Round "9.7"]
[White "Jaureguiberry, Cedric"]
[Black "Chauvin, Stephanie"]
[Result "1/2-1/2"]
[WhiteElo "2177"]
[BlackElo "1890"]
[PlyCount "49"]
[EventDate "2006.10.15"]
[EventType "team"]
[EventRounds "11"]
[EventCountry "FRA"]
[SourceTitle "EXT 2008"]
[Source "ChessBase"]
[SourceDate "2007.11.25"]
[SourceVersion "1"]
[SourceVersionDate "2007.11.25"]
[SourceQuality "1"]
[WhiteTeam "Bordeaux ASPOM"]
[BlackTeam "JEEN"]
[WhiteTeamCountry "FRA"]
[BlackTeamCountry "FRA"]

1. e4 e5 2. Nf3 Nc6 3. d4 exd4 4. Nxd4 Bc5 5. Be3 Qf6 6. c3 a6 7. Bc4 Nge7 8. 0-0 Bb6 9. Nxc6 Qxc6 10. Qb3 0-0 11. Bxb6 cxb6 12. Nd2 Qg6 13. f4 b5 14. Bd5 Qb6+ 15. Kh1 Qe3 16. Nf3 Nxd5 17. Qxd5 Qb6 18. Rad1 Qc6 19. Ne5 Qxd5 20. Rxd5 Re8 21. Re1 Re7 22. Kg1 f6 23. Nf3 b6 24. Rd6 Re6 25. e5 1/2-1/2

[Event "FRA-chT2A 0506"]
[Site "France"]
[Date "2006.01.15"]
[Round "6.4"]
[White "Jaureguiberry, Cedric"]
[Black "Hauroo, Harris"]
[Result "1/2-1/2"]
[WhiteElo "2167"]
[BlackElo "2130"]
[PlyCount "75"]
[EventDate "2005.10.27"]
[EventType "team-tourn"]
[EventRounds "11"]
[EventCountry "FRA"]
[SourceTitle "EXT 2006"]
[Source "ChessBase"]
[SourceDate "2005.11.24"]
[SourceVersion "1"]
[SourceVersionDate "2005.11.24"]
[SourceQuality "1"]
[WhiteTeam "Bordeaux ASPOM"]
[BlackTeam "Evry III"]
[WhiteTeamCountry "FRA"]
[BlackTeamCountry "FRA"]

1. e4 c5 2. Nf3 d6 3. d4 cxd4 4. Nxd4 Nf6 5. Nc3 g6 6. f3 Bg7 7. Be3 0-0 8. Qd2 Nc6 9. Bc4 Bd7 10. 0-0-0 Rc8 11. Bb3 Na5 12. h4 h5 13. Bh6 Nc4 14. Bxc4 Rxc4 15. Bxg7 Kxg7 16. g4 Qa5 17. Nb3 Qb4 18. e5 Nxg4 19. fxg4 Bxg4 20. Rde1 dxe5 21. Rxe5 e6 22. Qe3 b6 23. Nd2 Rcc8 24. Re4 Qc5 25. Qd4+ Qxd4 26. Rxd4 Rfd8 27. Rxd8 Rxd8 28. Re1 Bf5 29. Nf3 f6 30. Rd1 Rxd1+ 31. Kxd1 e5 32. Kd2 Bd7 33. Ke3 Kf7 34. Ne4 Ke6 35. c4 Bc6 36. Nfd2 f5 37. Ng5+ Kf6 38. Kf2 1/2-1/2

[Event "FRA-chT2A 0506"]
[Site "France"]
[Date "2005.10.16"]
[Round "1.4"]
[White "Pierre, Eric"]
[Black "Jaureguiberry, Cedric"]
[Result "1/2-1/2"]
[WhiteElo "2010"]
[BlackElo "2180"]
[PlyCount "68"]
[EventDate "2005.10.27"]
[EventType "team-tourn"]
[EventRounds "11"]
[EventCountry "FRA"]
[SourceTitle "EXT 2006"]
[Source "ChessBase"]
[SourceDate "2005.11.24"]
[SourceVersion "1"]
[SourceVersionDate "2005.11.24"]
[SourceQuality "1"]
[WhiteTeam "Sautron"]
[BlackTeam "Bordeaux ASPOM"]
[WhiteTeamCountry "FRA"]
[BlackTeamCountry "FRA"]

1. e4 d6 2. d4 Nf6 3. Nc3 g6 4. g3 Bg7 5. Bg2 0-0 6. Nge2 e5 7. h3 Nc6 8. Be3 a6 9. 0-0 exd4 10. Nxd4 Bd7 11. Qd2 Ne5 12. Qc1 c5 13. Nde2 Bc6 14. g4 Qc7 15. Ng3 Rfe8 16. Bg5 Nfd7 17. Re1 Nc4 18. Rb1 Nf8 19. Bf1 Ne5 20. Bg2 Ne6 21. Nd5 Bxd5 22. exd5 Nd4 23. Kf1 Nef3 24. Rxe8+ Rxe8 25. c3 Re1+ 26. Qxe1 Nxe1 27. Rxe1 f6 28. Bf4 g5 29. Bd2 Nb5 30. Nf5 Qd8 31. f4 Nc7 32. fxg5 fxg5 33. Ne7+ Kf7 34. Bxg5 Bf8 1/2-1/2

[Event "Creon op 10th"]
[Site "Creon"]
[Date "2005.08.02"]
[Round "3"]
[White "Jaureguiberry, Cedric"]
[Black "Mace, Emmanuel"]
[Result "1-0"]
[WhiteElo "2182"]
[BlackElo "1944"]
[PlyCount "47"]
[EventDate "2005.08.01"]
[EventType "swiss"]
[EventRounds "9"]
[EventCountry "FRA"]
[SourceTitle "CBM 107 Extra"]
[Source "ChessBase"]
[SourceDate "2005.09.01"]
[SourceVersion "1"]
[SourceVersionDate "2005.09.01"]
[SourceQuality "1"]

1. e4 d5 2. exd5 Qxd5 3. Nc3 Qa5 4. d4 c6 5. Nf3 Bf5 6. Bc4 e6 7. Bd2 Nd7 8. 0-0 Qc7 9. Qe2 0-0-0 10. a3 Nb6 11. b4 Nxc4 12. Qxc4 Bd6 13. b5 c5 14. b6 axb6 15. Nb5 Qb8 16. dxc5 bxc5 17. Nxd6+ Qxd6 18. Bf4 Qd5 19. Qa4 b5 20. Rad1 Qb7 21. Rxd8+ Kxd8 22. Rd1+ Ke7 23. Bd6+ Kf6 24. Qh4+ 1-0

[Event "Creon op 9th"]
[Site "Creon"]
[Date "2004.08.07"]
[Round "8"]
[White "Jaureguiberry, Cedric"]
[Black "Duffau, Pascal"]
[Result "1-0"]
[WhiteElo "2180"]
[BlackElo "2081"]
[PlyCount "49"]
[EventDate "2004.08.02"]
[EventType "swiss"]
[EventRounds "9"]
[EventCountry "FRA"]
[SourceTitle "CBM 101 Extra"]
[Source "ChessBase"]
[SourceDate "2004.09.01"]
[SourceVersion "2"]
[SourceVersionDate "2004.09.01"]
[SourceQuality "1"]

1. e4 e6 2. d4 d5 3. Nc3 Bb4 4. e5 c5 5. a3 Ba5 6. b4 cxb4 7. Nb5 Nc6 8. Qg4 Kf8 9. Bd3 f5 10. Qf4 Nh6 11. Ne2 Nf7 12. 0-0 Qd7 13. axb4 Bxb4 14. c4 dxc4 15. Bxc4 b6 16. Bb2 Bb7 17. Rfd1 a6 18. Bxe6 Qxe6 19. d5 Qh6 20. dxc6 Qxc6 21. Qxb4+ Kg8 22. f3 Qxb5 23. Qxb5 axb5 24. Rxa8+ Bxa8 25. e6 1-0

[Event "Creon op 9th"]
[Site "Creon"]
[Date "2004.08.06"]
[Round "7"]
[White "Mace, Emmanuel"]
[Black "Jaureguiberry, Cedric"]
[Result "0-1"]
[WhiteElo "1958"]
[BlackElo "2180"]
[PlyCount "84"]
[EventDate "2004.08.02"]
[EventType "swiss"]
[EventRounds "9"]
[EventCountry "FRA"]
[SourceTitle "CBM 101 Extra"]
[Source "ChessBase"]
[SourceDate "2004.09.01"]
[SourceVersion "2"]
[SourceVersionDate "2004.09.01"]
[SourceQuality "1"]

1. e4 d6 2. d4 Nf6 3. Nc3 g6 4. Be3 c6 5. f3 Nbd7 6. g4 b5 7. g5 Nh5 8. Nh3 Nb6 9. b3 Bg7 10. Nf4 Nxf4 11. Bxf4 0-0 12. Qd2 a5 13. h4 b4 14. Ne2 c5 15. Be3 Nd7 16. Ng3 cxd4 17. Bxd4 Ne5 18. Bg2 Qd7 19. h5 d5 20. f4 Qg4 21. Kf2 Nd3+ 22. Qxd3 Qxf4+ 23. Bf3 dxe4 24. Qxe4 Bxd4+ 25. Kg2 Qxe4 26. Bxe4 Bxa1 27. Bxa8 Be5 28. Be4 Bf4 29. Rd1 Be6 30. Rd3 Rc8 31. Kf3 Bxg5 32. hxg6 hxg6 33. Ne2 f5 34. Bd5 Kf7 35. c4 bxc3 36. Bxe6+ Kxe6 37. Nxc3 Bf6 38. Nd5 g5 39. Nb6 g4+ 40. Kg3 Be5+ 41. Kh4 Rh8+ 42. Kg5 Rg8+ 0-1

[Event "Creon op 9th"]
[Site "Creon"]
[Date "2004.08.02"]
[Round "1"]
[White "Moulin, Serge"]
[Black "Jaureguiberry, Cedric"]
[Result "0-1"]
[WhiteElo "1932"]
[BlackElo "2180"]
[PlyCount "63"]
[EventDate "2004.08.02"]
[EventType "swiss"]
[EventRounds "9"]
[EventCountry "FRA"]
[SourceTitle "CBM 101 Extra"]
[Source "ChessBase"]
[SourceDate "2004.09.01"]
[SourceVersion "2"]
[SourceVersionDate "2004.09.01"]
[SourceQuality "1"]

1. e4 d6 2. d4 Nf6 3. Nc3 g6 4. f4 Bg7 5. Nf3 0-0 6. Bc4 c5 7. e5 Ng4 8. e6 cxd4 9. Nxd4 Qb6 10. Qxg4 Qxd4 11. exf7+ Kh8 12. Qe2 Bg4 13. Qe4 Nc6 14. Be3 Qxe4 15. Nxe4 Nb4 16. Bb3 Bf5 17. a3 Bxe4 18. axb4 Bxb2 19. 0-0 Bxa1 20. Rxa1 h6 21. f5 Kh7 22. fxg6+ Bxg6 23. Rf1 Kg7 24. h4 Bxf7 25. Bxh6+ Kxh6 26. Bxf7 b5 27. g4 Kg7 28. Bb3 Rxf1+ 29. Kxf1 Rh8 30. h5 Kf6 31. Kg2 Kg5 32. Kf3 0-1

[Event "Creon op 7th"]
[Site "Creon"]
[Date "2002.07.29"]
[Round "2"]
[White "Grooten, Herman"]
[Black "Jaureguiberry, Cedric"]
[Result "1-0"]
[WhiteElo "2375"]
[BlackElo "2196"]
[PlyCount "89"]
[EventDate "2002.07.29"]
[EventType "swiss"]
[EventRounds "9"]
[EventCountry "FRA"]
[SourceTitle "CBM 089 Extra"]
[Source "ChessBase"]
[SourceDate "2002.09.10"]
[SourceVersion "2"]
[SourceVersionDate "2002.09.10"]
[SourceQuality "1"]

1. d4 Nf6 2. c4 g6 3. Nc3 Bg7 4. e4 d6 5. Nf3 0-0 6. Be2 e5 7. Be3 exd4 8. Nxd4 Re8 9. f3 c6 10. Bf2 d5 11. exd5 cxd5 12. c5 Nc6 13. 0-0 Nh5 14. Qd2 Be5 15. g3 Bg7 16. Rad1 Be6 17. Ncb5 Bf8 18. Rc1 a6 19. Nxc6 bxc6 20. Nd4 Bd7 21. b4 Ng7 22. Rc3 Nf5 23. Ra3 Bh6 24. f4 Qc8 25. Re1 Re4 26. Bf3 Rxe1+ 27. Qxe1 Bg7 28. Qd2 Qe8 29. Kf1 Qe7 30. Qe2 Qf6 31. Nxf5 Qxf5 32. Rxa6 Qb1+ 33. Kg2 Re8 34. Qd1 Qxb4 35. Ra7 Bf5 36. Qa4 Qxa4 37. Rxa4 Be4 38. Ra6 Bxf3+ 39. Kxf3 Rc8 40. a4 Kf8 41. a5 Ke8 42. Ra7 Bf6 43. a6 Bd8 44. Bd4 Bc7 45. Rb7 1-0

[Event "Creon op 5th"]
[Site "Creon"]
[Date "2000.??.??"]
[Round "8"]
[White "Shchekachev, Andrei"]
[Black "Jaureguiberry, Cedric"]
[Result "1-0"]
[WhiteElo "2503"]
[BlackElo "2155"]
[PlyCount "71"]
[EventDate "2000.07.31"]
[EventType "swiss"]
[EventRounds "9"]
[EventCountry "FRA"]
[SourceTitle "EXT 2001"]
[Source "ChessBase"]
[SourceDate "2000.11.22"]
[SourceVersion "1"]
[SourceVersionDate "2000.11.22"]
[SourceQuality "1"]

1. e4 d6 2. d4 Nf6 3. Nc3 g6 4. Be2 Bg7 5. e5 Nfd7 6. exd6 exd6 7. Nf3 0-0 8. 0-0 Nf6 9. d5 Bg4 10. h3 Bxf3 11. Bxf3 Nbd7 12. a4 Re8 13. a5 a6 14. Ra4 Nc5 15. Rb4 Nfd7 16. Na4 Nxa4 17. Rxa4 Bf6 18. Rc4 Ne5 19. Rb4 Nxf3+ 20. Qxf3 Rb8 21. Rf4 Bg5 22. Rxf7 Bxc1 23. Rxc1 Qg5 24. Rd1 Rf8 25. Rxf8+ Rxf8 26. Qe4 Qf6 27. Qd4 Qf5 28. Rd3 Re8 29. Qg4 Re1+ 30. Kh2 Qxf2 31. Qc8+ Qf8 32. Qxf8+ Kxf8 33. Rc3 Rd1 34. Rxc7 Rxd5 35. Rxh7 b6 36. axb6 1-0